Tous les Papes de 1900 à nos jours - Statistiques

Statistiques générales
  • Ce quiz a été pris 137 fois
    105 depuis la dernière actualisation
  • Le résultat moyen est 11 sur 12
Statistiques - réponses
Par images Hint Réponse % Correct
2013 - 2025 François
99%
1878 - 1903 Léon XIII
97%
2025- Léon XIV
97%
1958 - 1963 Jean XXIII
95%
2005 - 2013 Benoît XVI
92%
1914 - 1922 Benoît XV
91%
1963 - 1978 Paul VI
91%
1903 - 1914 Pie X
89%
1922 - 1939 Pie XI
89%
1939 - 1958 Pie XII
89%
1978 - 2005 Jean-Paul II
81%
1978 - 1978 Jean-Paul Ier
71%
Aucun quiz correspondant
Distribution des résultats
% des personnes avec chaque résultat
Percentile par nombre de réponses
Votre historique - résultats
Vous n’avez pas pris ce quiz depuis la dernière actualisation